| 000 | 00605nam a2200169 a 4500 | ||
|---|---|---|---|
| 008 | 120416s1988 ||||||||||||||||| || u | ||
| 020 | _a0709931220 | ||
| 050 | _aNA 2542.35 Des | ||
| 100 | _aKnox, Paul L | ||
| 245 | 1 | 4 |
_aThe design professions and the built environment _cedited by Paul L. Knox |
| 260 |
_aLondon _bCroom Helm _c1988 |
||
| 300 | _a313p. : ill. | ||
| 350 | _a0.00 | ||
| 650 | _aTEXTBOOKS | ||
| 650 | _aARCHITECTRURE--ZAMBIA | ||
| 995 |
_D0.00 _FCBU-MAIN LIBRARY (Kitwe) _H1 _I30.00 _M1 _UAVAILABLE _ZMain Library Open Access Collection |
||
| 999 |
_c39762 _d39762 |
||